[Event "Stay Safe Play From Home 225"]
[Site "T#646783Emanuel Laske"]
[Date "2020.06.14"]
[Round "1"]
[White "Little champs"]
[Black "Klausen"]
[Result "0-1"]
[WhiteElo "2130"]
[BlackElo "1994"]
[Annotator "TA"]
[PlyCount "138"]
[EventDate "2020.06.14"]
[EventType "swiss (blitz)"]

{[%evp 19,137,-6,-9,-36,-21,-26,-32,-47,0,-32,-14,-10,0,-40,-14,-19,0,0,0,-8,-8,-25,0,0,0,-36,-37,-39,-6,-7,0,-55,0,-52,0,-25,-3,-67,-62,-72,-62,-81,-52,-270,-273,-342,-331,-336,-319,-1235,-397,-406,-389,-392,-352,-566,-551,-520,-537,-452,-438,-531,-532,-522,-519,-469,-459,-413,-316,-777,-726,-762,-739,-728,-576,-908,-684,-1562,-1413,-1432,-1303,-4419,-4178,-29961,-12802,-29974,-29973,-29974,-29972,-29979,-29980,-29980,-29981,-29981,-29978,-12809,-12810,-29979,-29970,-29969,-12800,-12799,-12797,-29985,-29986,-29986,-29987,-29987,-29988,-29988,-29988,-29988,-29989,-29989,-29990,-29995,-29996,-29996,-29997,-29999]} 1. g3 Nf6 2. Bg2 d5 3. Nf3 c6 4. O-O Bg4 5. h3 Bh5 6. b3 Nbd7 7. Bb2 e6 8. c4 Bd6 9. d3 Qe7 10. Nc3 O-O 11. e4 {A12: English Opening: 1...c6 with b3 by White.} dxe4 12. Nxe4 Nxe4 13. dxe4 {[#] Black is slightly better.} e5 $146 ({Predecessor:} 13... Bxf3 14. Qxf3 Be5 15. Bxe5 Nxe5 16. Qc3 Nd7 17. Rad1 e5 18. Rd2 a5 19. Rfd1 Nc5 {1-0 (46) Petakov,U (2327)-Krivokapic,M (2426) Novi Sad 2009}) 14. Qc2 Rad8 15. a3 a5 16. Bc3 Bxf3 17. Bxf3 Bxa3 18. Bxa5 Ra8 19. Bc3 Bb4 20. Bb2 Ba3 21. Bc3 Bb4 22. Bg4 Bxc3 23. Qxc3 Nf6 24. Bf3 g6 25. b4 (25. Rfd1 $11) 25... c5 (25... Rxa1 $1 $15 26. Rxa1 Rd8) 26. b5 (26. bxc5 $11 Nd7 27. Rfd1) 26... Rfd8 (26... Rad8 $15) 27. Rfd1 Rxa1 28. Rxa1 (28. Qxa1 $11 Rxd1+ 29. Qxd1) 28... Rd4 29. Ra8+ Kg7 30. Qc2 Qe6 31. Ra4 $2 {[#] White does not recover from this.} (31. Kg2 $1 $15) 31... Qxh3 $19 32. b6 Ng4 33. Bxg4 Qxg4 {[%mdl 4096] Endgame KQR-KQR} 34. Ra7 $2 (34. Ra1) 34... Qf3 $2 (34... Rd1+ 35. Kg2 Qh5 36. Qxd1 Qxd1 37. Rxb7 Qe2) 35. Ra1 Rxe4 {[#] Threatens to win with ...Re2.} 36. Rf1 h5 37. Qa4 $2 (37. Qd1 Qf5 38. Qd3) 37... h4 {( -> ...h3)} 38. Qd1 Qxd1 39. Rxd1 {KR-KR} Rd4 40. Ra1 hxg3 41. fxg3 Rd6 42. Ra5 Rxb6 43. Rxc5 Kf6 44. Rc8 $2 (44. Rc7) 44... Rc6 45. Rb8 b6 46. Kf2 Rxc4 47. Rxb6+ Kf5 48. Rb2 f6 49. Ra2 Rc6 50. Rb2 e4 51. Ra2 Kg4 52. Rb2 f5 53. Ra2 g5 54. Rb2 f4 55. gxf4 gxf4 56. Ke2 Rc5 57. Ra2 Kf5 58. Ra8 f3+ 59. Ke3 Rc3+ 60. Kf2 Rc2+ 61. Kg3 Rg2+ {Black mates.} 62. Kh3 Kf4 63. Rf8+ Ke3 64. Ra8 Rg6 65. Ra3+ Kf4 {[%cal Rg6h6]} 66. Kh2 f2 67. Ra1 Kf3 {[%cal Rg6h6]} 68. Ra3+ e3 {[%cal Rg6h6]} 69. Ra1 Rh6# {Accuracy: White = 44%, Black = 81%.} 0-1

[Event "Stay Safe Play From Home 225"]
[Site "T#646783Emanuel Laske"]
[Date "2020.06.14"]
[Round "1"]
[White "Don59as"]
[Black "Justwatch"]
[Result "1-0"]
[WhiteElo "2008"]
[BlackElo "1565"]
[Annotator "NA RC"]
[PlyCount "46"]
[EventDate "2020.06.14"]
[EventType "swiss (blitz)"]

1. c4 {[%emt 0:00:02]} Nf6 {[%emt 0:00:06]} 2. Nc3 {[%emt 0:00:09]} g6 {[%emt 0:00:23]} 3. g3 {[%emt 0:00:49]} Bg7 {[%emt 0:00:00]} 4. e4 {[%emt 0:00:04]} O-O {[%emt 0:00:01]} 5. Bg2 {[%emt 0:00:02]} d6 {[%emt 0:00:01]} 6. Nge2 {[%emt 0:00:01]} Nc6 {[%emt 0:00:01]} 7. O-O {[%emt 0:00:01]} Bd7 {[%emt 0:00:02]} 8. d4 {[%emt 0:00:01]} Qc8 {[%emt 0:00:01]} 9. Nf4 {[%emt 0:00:03]} Ne8 {[%emt 0:00:05]} 10. Be3 {[%emt 0:00:03]} a6 {[%emt 0:00:01]} 11. Re1 {[%emt 0:00:03]} Bg4 {[%emt 0:00:01]} 12. f3 {[%emt 0:00:02]} Bd7 {[%emt 0:00:02]} 13. Qd2 {[%emt 0:00:02]} g5 {[%emt 0:00:01]} 14. Nh5 {[%emt 0:00:04]} h6 {[%emt 0:00:02]} 15. Nxg7 {[%emt 0:00:01]} Kxg7 {[%emt 0:00:00]} 16. b3 {[%emt 0:00:11]} Bh3 {[%emt 0:00:07]} 17. Bxg5 {[%emt 0:00:09]} Bxg2 {[%emt 0:00:02]} 18. Bxh6+ {[%emt 0:00:01]} Kh7 {[%emt 0:00:00]} 19. Bxf8 {[%emt 0:00:05]} Ng7 {[%emt 0:00:01]} 20. Bxg7 {[%emt 0:00:03]} Kxg7 {[%emt 0:00:00]} 21. Kxg2 {[%emt 0:00:03]} Qh8 {[%emt 0:00:00]} 22. Qg5+ {[%emt 0:00:02]} Kf8 {[%emt 0:00:02]} 23. e5 {[%emt 0:00:13]} dxe5 {[%emt 0:00:19] Justwatch terk eder (Lag: Av=0.54s, max=1.1s)} 1-0

[Event "Stay Safe Play From Home 225"]
[Site "T#646783Emanuel Laske"]
[Date "2020.06.14"]
[Round "1"]
[White "Sfantul321"]
[Black "Timbre"]
[Result "1-0"]
[WhiteElo "1954"]
[BlackElo "1676"]
[Annotator "NA RC"]
[PlyCount "91"]
[EventDate "2020.06.14"]
[EventType "swiss (blitz)"]

1. c4 {[%emt 0:00:03]} c6 {[%emt 0:00:02]} 2. Nc3 {[%emt 0:00:01]} d5 {[%emt 0:00:01]} 3. cxd5 {[%emt 0:00:01]} cxd5 {[%emt 0:00:02]} 4. d4 {[%emt 0:00:00]} Nc6 {[%emt 0:00:02]} 5. Bf4 {[%emt 0:00:01]} a6 {[%emt 0:00:02]} 6. Nf3 {[%emt 0:00:01]} Nf6 {[%emt 0:00:01]} 7. e3 {[%emt 0:00:01]} e6 {[%emt 0:00:02]} 8. Bd3 {[%emt 0:00:01]} Bd6 {[%emt 0:00:02]} 9. Bg5 {[%emt 0:00:01]} Be7 {[%emt 0:00:01]} 10. h3 {[%emt 0:00:01]} h6 {[%emt 0:00:02]} 11. Bh4 {[%emt 0:00:02]} Nh5 {[%emt 0:00:01]} 12. Bxe7 {[%emt 0:00:02]} Qxe7 {[%emt 0:00:01]} 13. Ne5 {[%emt 0:00:01]} Nf6 {[%emt 0:00:02]} 14. Nxc6 {[%emt 0:00:02]} bxc6 {[%emt 0:00:02]} 15. Rc1 {[%emt 0:00:00]} Bb7 {[%emt 0:00:02]} 16. O-O {[%emt 0:00:01]} O-O {[%emt 0:00:02]} 17. Na4 {[%emt 0:00:02]} Rab8 {[%emt 0:00:04]} 18. Nc5 {[%emt 0:00:01]} e5 {[%emt 0:00:06]} 19. dxe5 {[%emt 0:00:11]} Qxe5 {[%emt 0:00:02]} 20. Qc2 {[%emt 0:00:02]} d4 {[%emt 0:00:08]} 21. exd4 {[%emt 0:00:09]} Qxd4 {[%emt 0:00:02]} 22. Rfd1 {[%emt 0:00:01]} Qh4 {[%emt 0:00:02]} 23. b3 {[%emt 0:00:07]} Qg5 {[%emt 0:00:08]} 24. Nxb7 {[%emt 0:00:04]} Rxb7 {[%emt 0:00:03]} 25. Qxc6 {[%emt 0:00:02]} Rbb8 {[%emt 0:00:07]} 26. Bxa6 {[%emt 0:00:06]} Nh5 {[%emt 0:00:03]} 27. Qf3 {[%emt 0:00:17]} Nf6 {[%emt 0:00:04]} 28. b4 {[%emt 0:00:04]} Rxb4 {[%emt 0:00:05]} 29. Rc2 {[%emt 0:00:05]} Rf4 {[%emt 0:00:04]} 30. Qg3 {[%emt 0:00:02]} Qe5 {[%emt 0:00:05]} 31. Bf1 {[%emt 0:00:15]} Nh5 {[%emt 0:00:08]} 32. Qc3 {[%emt 0:00:05]} Qf5 {[%emt 0:00:09]} 33. Bd3 {[%emt 0:00:10]} Qf6 {[%emt 0:00:02]} 34. Qxf6 {[%emt 0:00:02]} Nxf6 {[%emt 0:00:03]} 35. Bb5 {[%emt 0:00:03]} Rb4 {[%emt 0:00:06]} 36. a4 {[%emt 0:00:05]} Ne4 {[%emt 0:00:03]} 37. Rc4 {[%emt 0:00:04]} Rxc4 {[%emt 0:00:03]} 38. Bxc4 {[%emt 0:00:01]} Nc3 {[%emt 0:00:02]} 39. Ra1 {[%emt 0:00:01]} Ra8 {[%emt 0:00:04]} 40. a5 {[%emt 0:00:01]} Ra7 {[%emt 0:00:01]} 41. a6 {[%emt 0:00:01]} Ne4 {[%emt 0:00:02]} 42. Bd5 {[%emt 0:00:04]} Nc5 {[%emt 0:00:02]} 43. Bc4 {[%emt 0:00:01]} Kf8 {[%emt 0:00:04]} 44. Ra5 {[%emt 0:00:02]} Nb7 {[%emt 0:00:04]} 45. axb7 {[%emt 0:00:02]} Rxa5 {[%emt 0:00:02]} 46. b8=Q+ {[%emt 0:00:01] Timbre resigns (Lag: Av=0.42s, max=1.2s)} 1-0

[Event "Stay Safe Play From Home 225"]
[Site "T#646783Emanuel Laske"]
[Date "2020.06.14"]
[Round "1"]
[White "Haris kollari 13"]
[Black "Edmatuag"]
[Result "0-1"]
[WhiteElo "1867"]
[BlackElo "1636"]
[Annotator "NA RC"]
[PlyCount "78"]
[EventDate "2020.06.14"]
[EventType "swiss (blitz)"]

1. e4 {[%emt 0:00:02]} c5 {[%emt 0:00:03]} 2. Nf3 {[%emt 0:00:01]} d6 {[%emt 0:00:01]} 3. d4 {[%emt 0:00:01]} cxd4 {[%emt 0:00:00]} 4. Nxd4 {[%emt 0:00:01]} Nf6 {[%emt 0:00:02]} 5. Nc3 {[%emt 0:00:01]} a6 {[%emt 0:00:00]} 6. f4 {[%emt 0:00:02]} e6 {[%emt 0:00:04]} 7. Be3 {[%emt 0:00:01]} b5 {[%emt 0:00:02]} 8. Qf3 {[%emt 0:00:03]} Bb7 {[%emt 0:00:05]} 9. Bd3 {[%emt 0:00:01]} Nbd7 {[%emt 0:00:04]} 10. g4 {[%emt 0:00:05]} b4 {[%emt 0:00:03]} 11. Nce2 {[%emt 0:00:01]} Nc5 {[%emt 0:00:04]} 12. Ng3 {[%emt 0:00:01]} d5 {[%emt 0:00:02]} 13. e5 {[%emt 0:00:02]} Nfe4 {[%emt 0:00:02]} 14. O-O-O {[%emt 0:00:07]} Rc8 {[%emt 0:00:11]} 15. Kb1 {[%emt 0:00:01]} Qc7 {[%emt 0:00:04]} 16. Rhf1 {[%emt 0:00:06]} Nxd3 {[%emt 0:00:06]} 17. cxd3 {[%emt 0:00:01]} Nc3+ {[%emt 0:00:12]} 18. bxc3 {[%emt 0:00:04]} bxc3 {[%emt 0:00:01]} 19. Rc1 {[%emt 0:00:05]} Qb6+ {[%emt 0:00:34]} 20. Nb3 {[%emt 0:00:01]} Qb4 {[%emt 0:00:20]} 21. Bd4 {[%emt 0:00:15]} a5 {[%emt 0:00:10]} 22. Ne2 {[%emt 0:00:01]} a4 {[%emt 0:00:05]} 23. Bxc3 {[%emt 0:00:01]} Rxc3 {[%emt 0:00:19]} 24. Rxc3 {[%emt 0:00:02]} d4 {[%emt 0:00:09]} 25. Rc8+ {[%emt 0:00:09]} Kd7 {[%emt 0:00:11]} 26. Rfc1 {[%emt 0:00:07]} Bd6 {[%emt 0:00:26]} 27. Qf2 {[%emt 0:00:37]} Rxc8 {[%emt 0:00:18]} 28. Rxc8 {[%emt 0:00:13]} axb3 {[%emt 0:00:06]} 29. Rc4 {[%emt 0:00:08]} bxa2+ {[%emt 0:00:06]} 30. Kxa2 {[%emt 0:00:01]} Qa3+ {[%emt 0:00:07]} 31. Kb1 {[%emt 0:00:04]} Qxd3+ {[%emt 0:00:01]} 32. Rc2 {[%emt 0:00:01]} Be4 {[%emt 0:00:04]} 33. Nxd4 {[%emt 0:00:09]} Bc5 {[%emt 0:00:07]} 34. Kc1 {[%emt 0:00:22]} Bxd4 {[%emt 0:00:05]} 35. Qg2 {[%emt 0:00:10]} Bxg2 {[%emt 0:00:02]} 36. Rd2 {[%emt 0:00:03]} Be3 {[%emt 0:00:02]} 37. f5 {[%emt 0:00:03]} Be4 {[%emt 0:00:01]} 38. fxe6+ {[%emt 0:00:05]} Kxe6 {[%emt 0:00:01]} 39. g5 {[%emt 0:00:01]} Qc2# {[%emt 0:00:03] (Lag: Av=0.43s, max=0.9s)} 0-1

[Event "Stay Safe Play From Home 225"]
[Site "T#646783Emanuel Laske"]
[Date "2020.06.14"]
[Round "1"]
[White "Matanant"]
[Black "Haxhi Baha"]
[Result "0-1"]
[WhiteElo "1822"]
[BlackElo "1941"]
[Annotator "TA"]
[PlyCount "66"]
[EventDate "2020.06.14"]
[EventType "swiss (blitz)"]

{[%evp 12,66,50,10,12,-37,-47,-65,5,3,0,-243,-19,-19,-19,-14,-21,-91,8,0,20,-46,-40,-39,0,0,0,0,29,27,28,9,50,0,0,-8,0,-57,0,0,8,8,33,55,101,37,60,33,42,-20,-14,-135,-113,-100,-108,-29994,-1097]} 1. e4 c5 2. Nf3 Nc6 3. c3 d5 4. exd5 Qxd5 5. d4 Bg4 6. Be2 e6 7. Be3 {Recently 7.h3 got a lot of attention.} (7. h3 $5 {[%cal Rh3g4]} Bf5 8. O-O $14) 7... Nf6 {B22: Sicilian: 2 c3.} 8. c4 {[#]} Qf5 $146 ({Predecessor:} 8... Qd8 9. dxc5 Qa5+ 10. Qd2 Qc7 11. Nc3 Rd8 12. Qc2 Nb4 13. Qa4+ Nc6 14. Nd4 Bxe2 15. Ncxe2 {0-1 (35) Emelianova,M (2113)-Dong,A (1902) chess.com INT 2020}) 9. Nc3 Rd8 ({Better is} 9... O-O-O $15 10. d5 exd5 11. cxd5 Nxd5 12. Nxd5 Rxd5) 10. Qa4 $1 $11 {Threatens to win with d5!} Be7 {...Bxf3 is the strong threat.} 11. O-O $2 (11. d5 $11 {and White stays safe.} exd5 12. cxd5 Nxd5 13. Nxd5 Rxd5 14. h3 Bxf3 15. Bxf3) 11... O-O $2 (11... Bxf3 $1 $19 12. Bxf3 cxd4 13. Bxd4 Rxd4 14. Bxc6+ bxc6 15. Qxc6+ Kf8) 12. dxc5 Bxc5 13. Bxc5 Qxc5 14. a3 (14. Qb5 $11 {keeps the balance.} Qxb5 15. cxb5) 14... Qh5 (14... Bxf3 $17 15. Bxf3 Nd4 16. Bxb7 Rb8) 15. Rad1 Ne5 {[%cal Re5f3]} 16. Nxe5 (16. Rxd8 $11 Rxd8 17. Rd1 Rxd1+ 18. Qxd1) 16... Bxe2 $15 17. Nxe2 Qxe5 18. Nc3 a6 (18... Ng4 $5 19. g3 $8 Rxd1 20. Qxd1 Qf5 $11) 19. h3 Rd4 20. Rxd4 Qxd4 21. Qb3 b6 22. Ne2 Qe5 23. Ng3 Qc5 24. Qc2 (24. Rd1 $11) 24... h5 (24... b5 $15) 25. b4 $11 Qc6 26. Rd1 h4 27. Nf1 Rc8 {[#]} 28. Ne3 (28. Rd4 $1 $16) 28... Ne4 $14 29. Qd3 f5 30. Qd7 ({White should play} 30. Qd4 $14) 30... f4 $36 {[%mdl 2048] Black has good play.} 31. Ng4 (31. Qxc6 $11 Rxc6 32. Rd4) 31... Qxd7 $17 32. Rxd7 Rxc4 {( -> ...Rc1+)} 33. Rd6 $2 {[%mdl 8192]} (33. Kf1 $17) 33... Nxd6 {Accuracy: White = 48%, Black = 54%.} (33... Rc1+ $142 34. Kh2 {[#]} Ng3 $1 {[%mdl 512]} 35. Nf6+ Kf7 36. Rd7+ Kxf6 37. Rf7+ Kxf7 38. fxg3 hxg3#) 0-1

[Event "Stay Safe Play From Home 225"]
[Site "T#646783Emanuel Laske"]
[Date "2020.06.14"]
[Round "1"]
[White "Tunca"]
[Black "Dukic"]
[Result "0-1"]
[WhiteElo "1672"]
[BlackElo "1830"]
[Annotator "NA RC"]
[PlyCount "66"]
[EventDate "2020.06.14"]
[EventType "swiss (blitz)"]

1. e4 {[%emt 0:00:24]} c6 {[%emt 0:00:01]} 2. d4 {[%emt 0:00:03]} d6 {[%emt 0:00:01]} 3. Nc3 {[%emt 0:00:05]} Nd7 {[%emt 0:00:01]} 4. f4 {[%emt 0:00:04]} Qc7 {[%emt 0:00:04]} 5. Nf3 {[%emt 0:00:01]} e5 {[%emt 0:00:02]} 6. Bd3 {[%emt 0:00:03]} Be7 {[%emt 0:00:01]} 7. O-O {[%emt 0:00:01]} Ngf6 {[%emt 0:00:03]} 8. Qe1 {[%emt 0:00:02]} O-O {[%emt 0:00:02]} 9. Kh1 {[%emt 0:00:09]} exd4 {[%emt 0:00:13]} 10. Nxd4 {[%emt 0:00:02]} Nc5 {[%emt 0:00:01]} 11. Qg3 {[%emt 0:00:35]} g6 {[%emt 0:00:09]} 12. f5 {[%emt 0:00:11]} Nh5 {[%emt 0:00:07]} 13. Qf3 {[%emt 0:00:05]} Bf6 {[%emt 0:00:04]} 14. Be3 {[%emt 0:00:25]} Be5 {[%emt 0:00:10]} 15. fxg6 {[%emt 0:00:14]} hxg6 {[%emt 0:00:04]} 16. Nf5 {[%emt 0:00:16]} Kh7 {[%emt 0:00:24]} 17. g4 {[%emt 0:00:50]} gxf5 {[%emt 0:00:18]} 18. Qh3 {[%emt 0:01:10]} Rh8 {[%emt 0:00:32]} 19. Qxh5+ {[%emt 0:00:02]} Kg8 {[%emt 0:00:02]} 20. Qg5+ {[%emt 0:00:01]} Kf8 {[%emt 0:00:02]} 21. Bf4 {[%emt 0:00:04]} fxg4 {[%emt 0:00:10]} 22. Bxe5 {[%emt 0:00:02]} dxe5 {[%emt 0:00:02]} 23. Bc4 {[%emt 0:00:01]} Be6 {[%emt 0:00:07]} 24. Qf6 {[%emt 0:00:03]} Rh7 {[%emt 0:00:19]} 25. Bxe6 {[%emt 0:00:01]} Qd6 {[%emt 0:00:15]} 26. Rf5 {[%emt 0:00:00]} Qxe6 {[%emt 0:00:05]} 27. Qxe6 {[%emt 0:00:01]} Nxe6 {[%emt 0:00:02]} 28. Rxe5 {[%emt 0:00:00]} Ke7 {[%emt 0:00:01]} 29. Rf1 {[%emt 0:00:00]} g3 {[%emt 0:00:03]} 30. Ref5 {[%emt 0:00:04]} Rxh2+ {[%emt 0:00:01]} 31. Kg1 {[%emt 0:00:00]} Rf8 {[%emt 0:00:03]} 32. e5 {[%emt 0:00:00]} Rxc2 {[%emt 0:00:02]} 33. Ne4 {[%emt 0:00:01]} g2 {[%emt 0:00:06] Time (Lag: Av=0.38s, max=0.6s)} 0-1

[Event "Stay Safe Play From Home 225"]
[Site "T#646783Emanuel Laske"]
[Date "2020.06.14"]
[Round "2"]
[White "Indianquant"]
[Black "Edmatuag"]
[Result "1-0"]
[WhiteElo "2332"]
[BlackElo "1663"]
[Annotator "TA"]
[PlyCount "31"]
[EventDate "2020.06.14"]
[EventType "swiss (blitz)"]

{[%evp 10,31,27,18,24,21,40,39,44,42,23,20,25,-13,-6,-15,-14,-13,201,193,141,147,503,470]} 1. Nf3 Nf6 2. c4 c5 3. Nc3 Nc6 4. d4 cxd4 5. Nxd4 d5 6. cxd5 Nxd5 {A31: Symmetrical English: 2 Nf3 Nf6 3 d4.} 7. Nxc6 bxc6 8. Bd2 e5 {White is slightly better.} 9. Qa4 Bd7 {[#]} 10. e4 $146 ({Predecessor:} 10. Qe4 Bd6 11. Nxd5 cxd5 12. Qxd5 Be6 13. Qc6+ Ke7 14. e3 Qb6 15. Qxb6 axb6 16. a3 {1-0 (41) Nester,I (2369)-Kocevar,T (1889) Pula 2017}) 10... Nf6 11. Be3 Ng4 12. Bc4 Nxe3 13. fxe3 Qg5 $2 (13... Be7 $11 {and Black is okay.}) 14. O-O-O $18 Qxe3+ 15. Kb1 Rb8 $2 {[%mdl 8192] [#]} (15... Rd8 $16) 16. Bxf7+ $1 {[%mdl 512] Accuracy: White = 89%, Black = 46%.} 1-0

[Event "Stay Safe Play From Home 225"]
[Site "T#646783Emanuel Laske"]
[Date "2020.06.14"]
[Round "2"]
[White "Lazieri3"]
[Black "Dukic"]
[Result "1/2-1/2"]
[WhiteElo "2145"]
[BlackElo "1840"]
[Annotator "RC"]
[PlyCount "57"]
[EventDate "2020.06.14"]
[EventType "swiss (blitz)"]

1. e4 {[%emt 0:00:03]} c6 {[%emt 0:00:03]} 2. d4 {[%emt 0:00:02]} d6 {[%emt 0:00:00]} 3. c3 {[%emt 0:00:01]} Nd7 {[%emt 0:00:01]} 4. Bd3 {[%emt 0:00:00]} e5 {[%emt 0:00:00]} 5. Nf3 {[%emt 0:00:01]} Be7 {[%emt 0:00:01]} 6. O-O {[%emt 0:00:01]} Ngf6 {[%emt 0:00:01]} 7. h3 {[%emt 0:00:01]} O-O {[%emt 0:00:01]} 8. Re1 {[%emt 0:00:01]} Re8 {[%emt 0:00:01]} 9. Bg5 {[%emt 0:00:02]} h6 {[%emt 0:00:01]} 10. Bh4 {[%emt 0:00:01]} Qb6 {[%emt 0:00:02]} 11. Qb3 {[%emt 0:00:02]} Qc7 {[%emt 0:00:06]} 12. Nbd2 {[%emt 0:00:08]} b5 {[%emt 0:00:06]} 13. a3 {[%emt 0:00:02]} Rb8 {[%emt 0:00:03]} 14. Qc2 {[%emt 0:00:05]} c5 {[%emt 0:00:01]} 15. Rad1 {[%emt 0:00:07]} a6 {[%emt 0:00:15]} 16. Nf1 {[%emt 0:00:16]} Bb7 {[%emt 0:00:06]} 17. N3d2 {[%emt 0:00:07]} Rbc8 {[%emt 0:00:17]} 18. Qb1 {[%emt 0:00:09]} cxd4 {[%emt 0:00:03]} 19. cxd4 {[%emt 0:00:00]} exd4 {[%emt 0:00:01]} 20. Nb3 {[%emt 0:00:06]} Qb6 {[%emt 0:00:05]} 21. Bc2 {[%emt 0:00:20]} d5 {[%emt 0:00:41]} 22. e5 {[%emt 0:00:06]} Ne4 {[%emt 0:00:02]} 23. Bxe7 {[%emt 0:00:01]} Rxe7 {[%emt 0:00:02]} 24. Nxd4 {[%emt 0:00:05]} Nxe5 {[%emt 0:00:11]} 25. Ne3 {[%emt 0:00:02]} g6 {[%emt 0:00:03]} 26. Nxd5 {[%emt 0:00:24]} Bxd5 {[%emt 0:00:13]} 27. Bxe4 {[%emt 0:00:02]} Bxe4 {[%emt 0:00:04]} 28. Rxe4 {[%emt 0:00:00]} Rce8 {[%emt 0:00:02]} 29. Qc2 {[%emt 0:00:59] Lazieri3 offers a draw (Lag: Av=0.89s, max=7.3s)} 1/2-1/2

[Event "Stay Safe Play From Home 225"]
[Site "T#646783Emanuel Laske"]
[Date "2020.06.14"]
[Round "2"]
[White "Little champs"]
[Black "Tunca"]
[Result "1-0"]
[WhiteElo "2107"]
[BlackElo "1663"]
[Annotator "TA"]
[PlyCount "59"]
[EventDate "2020.06.14"]
[EventType "swiss (blitz)"]

{[%evp 9,59,0,0,-16,0,0,5,-6,-6,-2,48,20,79,85,79,67,59,63,79,59,68,63,103,110,138,104,159,82,178,85,107,110,137,117,131,83,154,154,152,78,79,30,161,160,156,144,154,153,136,133,1173,1184]} 1. d4 d5 2. e3 Nf6 3. c4 e6 4. Nc3 Be7 5. Nf3 O-O 6. Rb1 {[#] D37: Queen's Gambit Declined: 5 Bf4.} Re8 $146 ({Predecessor:} 6... b6 7. Bd3 Bb7 8. cxd5 exd5 9. b4 Nbd7 10. O-O Re8 11. Qb3 a5 12. b5 Bd6 13. Ba3 Qe7 14. Bxd6 Qxd6 {½-½ (35) Grund,E (1874)-Meduna,E (2034) Siebenlehn 2012}) 7. b4 a5 8. a3 {[%cal Ba2a3,Ba3b4,Bb4b5][%mdl 32] The position is equal.} axb4 9. axb4 Nc6 10. b5 Nb4 (10... Na5 $11 {remains equal.}) 11. c5 $16 Na2 12. Nxa2 $1 Rxa2 13. Qb3 $36 {[%mdl 2048] White is pushing.} Ra8 14. Bd3 Nd7 15. O-O Bf6 16. Bb2 Nf8 17. e4 Ng6 (17... dxe4 $142 18. Bxe4 Ng6) 18. g3 (18. e5 $142 $1 {[%cal Re5f6]} Be7 19. Ra1 Rxa1 20. Rxa1) 18... b6 (18... e5 $16) 19. c6 (19. e5 $18 {has better winning chances.}) 19... dxe4 20. Bxe4 Be7 21. Rfd1 Bd6 22. d5 exd5 ({Better is} 22... e5) 23. Bxd5 Be6 24. Bxe6 (24. Qc3 $142 {[%csl Gb2][%cal Rc3g7]} Qf6 25. Qxf6 gxf6 26. Bxf6) 24... Rxe6 25. Ba3 Qf8 ({Wrong is} 25... Rxa3 $2 26. Qxa3 $1 {[%mdl 512]} Qf6 27. Qd3 $18) (25... Nf8 $11 {and Black is okay.}) 26. Bxd6 $18 Rxd6 27. Rxd6 Qxd6 28. Rd1 Qf6 {[#]} 29. Rd7 $1 {[%cal Rd7c7]} Ne5 $2 {[%mdl 8192]} (29... Rc8 $16) 30. Nxe5 {Accuracy: White = 57%, Black = 32%.} 1-0